Pennington's Corporate insolvency law : (Record no. 588)

MARC details
000 -LEADER
fixed length control field 02091cam a2200361 a 4500
001 - CONTROL NUMBER
control field 15629504
003 - CONTROL NUMBER IDENTIFIER
control field OSt
005 - DATE AND TIME OF LATEST TRANSACTION
control field 20110722093829.0
008 - FIXED-LENGTH DATA ELEMENTS--GENERAL INFORMATION
fixed length control field 090218s2009 enk b 001 0 eng
010 ## - LIBRARY OF CONGRESS CONTROL NUMBER
LC control number 2009007333
020 ## - INTERNATIONAL STANDARD BOOK NUMBER
International Standard Book Number 0406001413
035 ## - SYSTEM CONTROL NUMBER
System control number (OCoLC)ocn268793363
040 ## - CATALOGING SOURCE
Original cataloging agency DLC
Transcribing agency DLC
Modifying agency BTCTA
-- YDXCP
-- BWKUK
-- BWK
-- CDX
-- BWX
-- DLC
043 ## - GEOGRAPHIC AREA CODE
Geographic area code e-uk---
050 00 - LIBRARY OF CONGRESS CALL NUMBER
Classification number KD2139
Item number .F558 2009
082 00 - DEWEY DECIMAL CLASSIFICATION NUMBER
Classification number 346.078 PEN
Edition number 22
100 1# - MAIN ENTRY--PERSONAL NAME
Personal name Pennington, Robert R.
9 (RLIN) 1698
245 10 - TITLE STATEMENT
Title Pennington's Corporate insolvency law :
Statement of responsibility, etc Robert R. Pennington /
250 ## - EDITION STATEMENT
Edition statement 2nd ed.
260 ## - PUBLICATION, DISTRIBUTION, ETC. (IMPRINT)
Place of publication, distribution, etc London:
-- New York :
Name of publisher, distributor, etc Butterworts.
Date of publication, distribution, etc 1991.
300 ## - PHYSICAL DESCRIPTION
Extent xxi, 484p. ;
Dimensions 24 cm.
504 ## - BIBLIOGRAPHY, ETC. NOTE
Bibliography, etc Includes bibliographical references (p. 788-836) and index.
505 0# - FORMATTED CONTENTS NOTE
Formatted contents note The roots of corporate insolvency law -- Aims, objectives and benchmarks -- Insolvency and corporate borrowing -- Corporate failure -- Insolvency practitioners and turnaround professionals -- Rescue -- Informal rescue -- Receivers and their role -- Administration -- Pre-packaged administrations -- Company arrangements -- Rethinking rescue -- Gathering the assets : the role of liquidation -- The pari passu principle -- Bypassing pari passu -- Directors in troubled times -- Employees in distress -- Conclusion.
650 #0 - SUBJECT ADDED ENTRY--TOPICAL TERM
Topical term or geographic name as entry element Bankruptcy
Geographic subdivision Great Britain.
9 (RLIN) 1699
650 #0 - SUBJECT ADDED ENTRY--TOPICAL TERM
Topical term or geographic name as entry element Business failures
General subdivision Law and legislation
Geographic subdivision Great Britain.
9 (RLIN) 1700
856 42 - ELECTRONIC LOCATION AND ACCESS
Materials specified Contributor biographical information
Uniform Resource Identifier <a href="http://www.loc.gov/catdir/enhancements/fy0906/2009007333-b.html">http://www.loc.gov/catdir/enhancements/fy0906/2009007333-b.html</a>
856 42 - ELECTRONIC LOCATION AND ACCESS
Materials specified Publisher description
Uniform Resource Identifier <a href="http://www.loc.gov/catdir/enhancements/fy0906/2009007333-d.html">http://www.loc.gov/catdir/enhancements/fy0906/2009007333-d.html</a>
856 41 - ELECTRONIC LOCATION AND ACCESS
Materials specified Table of contents only
Uniform Resource Identifier <a href="http://www.loc.gov/catdir/enhancements/fy0906/2009007333-t.html">http://www.loc.gov/catdir/enhancements/fy0906/2009007333-t.html</a>
906 ## - LOCAL DATA ELEMENT F, LDF (RLIN)
a 7
b cbc
c orignew
d 1
e ecip
f 20
g y-gencatlg
942 ## - ADDED ENTRY ELEMENTS (KOHA)
Source of classification or shelving scheme Dewey Decimal Classification
Koha item type Books
Holdings
Withdrawn status Lost status Source of classification or shelving scheme Damaged status Not for loan Home library Current library Shelving location Date acquired Total Checkouts Full call number Barcode Date last seen Price effective from Koha item type
    Dewey Decimal Classification     Law Development Centre Main Library Law Development Centre Main Library Text Books and Laws 04/26/2011   346.078 PEN 2011/2422 04/26/2011 04/26/2011 Books